[Event "GER-chT North U12"]
[Site "Magdeburg"]
[Date "2012.09.06"]
[Round "1.2"]
[White "Priemer, Robert"]
[Black "Bergleiter, Max"]
[Result "0-1"]
[WhiteElo "1036"]
[BlackElo "1272"]
[PlyCount "66"]
[EventDate "2012.09.06"]
[EventType "team-swiss"]
[EventRounds "7"]
[EventCountry "GER"]
[SourceTitle "EXT 2015"]
[Source "ChessBase"]
[SourceDate "2014.11.20"]
[SourceVersion "1"]
[SourceVersionDate "2014.11.20"]
[SourceQuality "1"]
[WhiteTeam "Neumuenster Agon"]
[BlackTeam "Doellnitz"]
[WhiteTeamCountry "GER"]
[BlackTeamCountry "GER"]

1. e4 c5 2. Nf3 d6 3. Bb5+ Bd7 4. Bxd7+ Nxd7 5. 0-0 Ngf6 6. Nc3 e5 7. d3 Qb6 8. Nd2 Be7 9. Nc4 Qc7 10. Ne3 Nb6 11. Ne2 d5 12. Nc3 d4 13. Ned5 Nbxd5 14. Nxd5 Nxd5 15. exd5 Qd6 16. Qf3 Rd8 17. c4 dxc3 18. bxc3 Qxd5 19. Qxd5 Rxd5 20. Rb1 b6 21. Rd1 e4 22. d4 cxd4 23. cxd4 Bf6 24. Bb2 0-0 25. Rd2 Rfd8 26. Rbd1 Bg5 27. Re2 f5 28. g3 Re8 29. Kg2 f4 30. gxf4 Bxf4 31. Rde1 Rg5+ 32. Kh3 Re6 33. Rxe4 Rh6# 0-1